000
00320nam a22001457a 4500
008
230328b ||||| |||| 00| 0 eng d
020
_a
9781464189456
041
_a
eng
080
_2
THIRD EDITION
_a
159.9
082
_a
159.9SCH
100
_a
25
101
_a
PSI
245
_a
PSYCHOLOGY
_c
SCHACTER
942
_2
udc
_c
BK
999
_c
59465
_d
59465